00949nac a22002171u 4500008004100000010001500041020001500056020001800071082002100089100004100110245004800151260003700199300003500236650002100271856009500292856007500387856008700462942002400549999001300573952014500586100915t2003 xxu|||||r|||| 00| 0 eng d a2002031999 a0071406859 a978007140685700a629.892bMCC222 aMcComb, Gordon. 91922510aRobot Builder's Sourcebook /cGordon McComb aNew York :bMcGraw-Hill,cc2003. axvii, 711 p. :bill. ;c28 cm. 0aRobotics.919226423Contributor biographical informationuhttp://www.loc.gov/catdir/bios/mh041/2002031999.html423Table of contentsuhttp://www.loc.gov/catdir/toc/mh031/2002031999.html423Publisher descriptionuhttp://www.loc.gov/catdir/description/mh024/2002031999.html cBBk629.892MCC2ddc c740d740 00102ddc40708 aMAINbMAINc1STd2010-09-15epurchaseg300.00l3m3o629.892 MCCp000003859r2025-07-15 00:00:00s2011-12-15v375.00yBB